Catálogo

METODOLOGIA DE LA INVESTIGACION EN CIENCIAS SOCIALES : (Registro nro. 45363)

Detalles MARC
000 -LEADER
fixed length control field 01176nam a2200205 a 4500
001 - CONTROL NUMBER
control field 45363
005 - DATE AND TIME OF LATEST TRANSACTION
control field 20180714024529.0
008 - FIXED-LENGTH DATA ELEMENTS--GENERAL INFORMATION
fixed length control field 140415s1999 ag 000 0 spa d
020 ## - INTERNATIONAL STANDARD BOOK NUMBER
International Standard Book Number 9501221393
041 ## - LANGUAGE CODE
Language code of text/sound track or separate title spa
082 ## - DEWEY DECIMAL CLASSIFICATION NUMBER
Classification number 300.018
Item number MAN
100 1# - MAIN ENTRY--PERSONAL NAME
Personal name MARCUSO, HUGO R.
245 10 - TITLE STATEMENT
Title METODOLOGIA DE LA INVESTIGACION EN CIENCIAS SOCIALES :
Remainder of title LINEAMIENTOS TEORICOS Y PRACTICOS DE SEMIOEPISTEMOLOGIA
250 ## - EDITION STATEMENT
Edition statement 1a ed.
260 ## - PUBLICATION, DISTRIBUTION, ETC.
Place of publication, distribution, etc. ARGENTINA :
Name of publisher, distributor, etc. PAIDOS SAICF,
Date of publication, distribution, etc. 1999
300 ## - PHYSICAL DESCRIPTION
Extent 237
Dimensions 15.4 x 1.6 x 22.3
490 ## - SERIES STATEMENT
Series statement CUADERNOS DE JOAQUIN MORTIZ
520 ## - SUMMARY, ETC.
Summary, etc. ESTE LIBRO CONSTITUYE UNA INTRODUCCIÓN A COMPLEJOS PROBLEMAS TEÓRICOS PROPIOS DE LAS CIENCIAS SOCIALES AL TIEMPO QUE POSTULA COMO UN EXHAUSTO MANUAL PARA EL DESARROLLO DE INVESTIGACIONES EN EL CAMPO DE LA CULTURA. DOBLE OBJETIVO QUE NOS NACE SOLAMENTE DE UNA NECESIDAD PRÁCTICA, SINO DE LA CONVICCIÓN DE QUE TODO ESBOZO METACRÍTICO DE LA CIENCIA IMPLICA NECESARIAMENTE UN DETERMINADO TIPO DE PRAXIS METODOLÓGICA. ESTE TEXTO SE PROPONE COMO UN TRATADO METODOLÓGICO, EN EL QUE SE DETALLA ESPE
650 14 - SUBJECT ADDED ENTRY--TOPICAL TERM
Topical term or geographic name entry element CIENCIAS SOCIALES
General subdivision INVESTIGACION
-- CIENCIAS SOCIALES
-- METODOLOGIA
-- METODOLOGIA
Existencias
Withdrawn status Lost status Source of classification or shelving scheme Damaged status Not for loan Collection code Home library Current library Shelving location Date acquired Source of acquisition Inventory number Total Checkouts Full call number Barcode Date last seen Date last checked out Price effective from Koha item type
    Dewey Decimal Classification     General Biblioteca Karol Wojtyla Biblioteca Karol Wojtyla Sala general 03/12/2013 Compra 151000000000000000058270   300.018 MAN 68206 05/01/2026 31/08/2015 03/12/2013 Libro